[Event "Berlin Lichtenberger op 14th"]
[Site "Berlin"]
[Date "2015.08.19"]
[Round "5"]
[White "Ziegel, Mandy Marie"]
[Black "Mueller, Joerg Rene"]
[Result "0-1"]
[WhiteElo "1582"]
[BlackElo "1489"]
[PlyCount "58"]
[EventDate "2015.08.15"]
[EventType "swiss"]
[EventRounds "9"]
[EventCountry "GER"]
[SourceTitle "EXT 2016"]
[Source "ChessBase"]
[SourceDate "2015.10.08"]
[SourceVersion "1"]
[SourceVersionDate "2015.10.08"]
[SourceQuality "1"]

1. d4 c5 2. Nf3 d6 3. c4 Bg4 4. h3 Bxf3 5. gxf3 Nf6 6. d5 h6 7. Bg2 Qd7 8. Nc3 a6 9. 0-0 g6 10. Rb1 Bg7 11. Bf4 0-0 12. Qd2 Kh7 13. e4 Ng8 14. Bg3 Re8 15. Rfe1 b5 16. b3 b4 17. Na4 Qc7 18. Re3 Nd7 19. f4 e6 20. dxe6 Rxe6 21. f5 gxf5 22. exf5 Rxe3 23. Bxd6 Qa7 24. Qxe3 Bd4 25. Qd3 Ngf6 26. Bxa8 Qxa8 27. Re1 Qg8+ 28. Bg3 Ne5 29. Qd2 Qxg3+ 0-1

[Event "Berlin Lichtenberger op 14th"]
[Site "Berlin"]
[Date "2015.08.17"]
[Round "3"]
[White "Dittrich, Hans Georg"]
[Black "Ziegel, Mandy Marie"]
[Result "1-0"]
[WhiteElo "1722"]
[BlackElo "1582"]
[PlyCount "71"]
[EventDate "2015.08.15"]
[EventType "swiss"]
[EventRounds "9"]
[EventCountry "GER"]
[SourceTitle "EXT 2016"]
[Source "ChessBase"]
[SourceDate "2015.10.08"]
[SourceVersion "1"]
[SourceVersionDate "2015.10.08"]
[SourceQuality "1"]

1. e4 d5 2. exd5 Qxd5 3. Nc3 Qd6 4. d4 Nf6 5. g3 Nc6 6. Nge2 Bg4 7. Bf4 Qd7 8. Nb5 Nd5 9. Qd2 a6 10. Nbc3 0-0-0 11. 0-0-0 Nxc3 12. Qxc3 e6 13. Kb1 Qd5 14. Rg1 g5 15. Be3 Bb4 16. Qb3 Qd6 17. Bxg5 Rd7 18. h3 Bxe2 19. Bxe2 Nxd4 20. Bf6 Nxb3 21. Rxd6 Rxd6 22. Bxh8 Nd2+ 23. Kc1 Bc5 24. Bd3 Bxf2 25. Rg2 Be3 26. Rxd2 Bxd2+ 27. Kxd2 c5 28. Ke2 h6 29. a4 Kd7 30. Bf6 Kc6 31. g4 b5 32. axb5+ axb5 33. b3 Rd7 34. h4 Kb6 35. h5 Rc7 36. Bd8 1-0

[Event "Berlin Lichtenberger op 12th"]
[Site "Berlin"]
[Date "2013.08.25"]
[Round "9"]
[White "Ziegel, Mandy Marie"]
[Black "Becker, Uwe"]
[Result "1-0"]
[WhiteElo "1548"]
[BlackElo "1808"]
[PlyCount "121"]
[EventDate "2013.08.17"]
[EventType "swiss"]
[EventRounds "9"]
[EventCountry "GER"]
[SourceTitle "CBM 156 Extra"]
[Source "ChessBase"]
[SourceDate "2013.10.22"]
[SourceVersion "1"]
[SourceVersionDate "2013.10.22"]
[SourceQuality "1"]

1. d4 d6 2. Nf3 Nf6 3. g3 c6 4. Bg2 g6 5. c4 Bg7 6. Nc3 a6 7. 0-0 0-0 8. Re1 Re8 9. b3 Nbd7 10. Bb2 Nf8 11. a4 Bd7 12. e4 e5 13. Qd3 Qc8 14. Ne2 Qc7 15. Nc1 Rad8 16. Qc2 Kh8 17. Nd3 Ng8 18. Rac1 f6 19. b4 Rc8 20. Qb3 Qb8 21. b5 cxb5 22. cxb5 axb5 23. axb5 Be6 24. d5 Bd7 25. Ba3 Nh6 26. Nd2 Nf7 27. b6 f5 28. f3 Bh6 29. Rxc8 Rxc8 30. Nc4 Rd8 31. Re2 Bc8 32. Rc2 Nd7 33. Na5 Bf8 34. Rc7 Kg8 35. Bh3 Ng5 36. Bg2 Nf7 37. h4 Be7 38. Nb2 Kf8 39. Nbc4 Nc5 40. Bxc5 dxc5 41. Qc3 Bd6 42. Nxd6 Nxd6 43. Qxe5 Rd7 44. Qh8+ Ke7 45. Qxh7+ Nf7 46. Rxc5 Qxg3 47. Rxc8 Qe1+ 48. Kh2 Qxa5 49. Qxg6 Nd8 50. h5 Rd6 51. Rc7+ Rd7 52. Qg7+ Nf7 53. Rxd7+ Kxd7 54. Qxf7+ Kd8 55. Qc7+ Ke8 56. Qxb7 Qe1 57. Qb8+ Kf7 58. Qg3 Qb4 59. Qc7+ Kf6 60. b7 Qe1 61. Qg3 1-0

[Event "Berlin Lichtenberger op 12th"]
[Site "Berlin"]
[Date "2013.08.21"]
[Round "5"]
[White "Ziegel, Mandy Marie"]
[Black "Dittrich, Hans Georg"]
[Result "1-0"]
[WhiteElo "1548"]
[BlackElo "1751"]
[PlyCount "69"]
[EventDate "2013.08.17"]
[EventType "swiss"]
[EventRounds "9"]
[EventCountry "GER"]
[SourceTitle "CBM 156 Extra"]
[Source "ChessBase"]
[SourceDate "2013.10.22"]
[SourceVersion "1"]
[SourceVersionDate "2013.10.22"]
[SourceQuality "1"]

1. d4 Nf6 2. c4 e6 3. Nc3 d5 4. Bg5 Nbd7 5. Nf3 c6 6. e3 Qa5 7. a3 h6 8. Bh4 dxc4 9. Bxc4 Nd5 10. Qc1 N7f6 11. Bxf6 Nxf6 12. 0-0 Be7 13. b4 Qd8 14. Rd1 0-0 15. Qb2 Qc7 16. Rac1 Bd6 17. e4 Bf4 18. Rc2 h5 19. g3 Bh6 20. Be2 Re8 21. e5 Nd5 22. Nh4 Nxc3 23. Rxc3 g5 24. Ng2 Qe7 25. Qc2 Rf8 26. Bxh5 f5 27. f4 Bd7 28. Be2 Qg7 29. Bc4 Kf7 30. Rf3 Ke7 31. Bb3 Be8 32. Qc5+ Kf7 33. fxg5 Bxg5 34. Rxf5+ Kg6 35. Rxf8 1-0

[Event "Berlin Lichtenberger op 12th"]
[Site "Berlin"]
[Date "2013.08.19"]
[Round "3"]
[White "Ziegel, Mandy Marie"]
[Black "George, Tom"]
[Result "0-1"]
[WhiteElo "1548"]
[BlackElo "1901"]
[PlyCount "59"]
[EventDate "2013.08.17"]
[EventType "swiss"]
[EventRounds "9"]
[EventCountry "GER"]
[SourceTitle "CBM 156 Extra"]
[Source "ChessBase"]
[SourceDate "2013.10.22"]
[SourceVersion "1"]
[SourceVersionDate "2013.10.22"]
[SourceQuality "1"]

1. d4 Nf6 2. Nf3 b6 3. g3 Bb7 4. Bg2 e6 5. 0-0 Be7 6. b3 d6 7. c4 Nbd7 8. Nc3 0-0 9. Bb2 Ne4 10. d5 Nxc3 11. Bxc3 e5 12. Nd2 f5 13. Qc2 g6 14. Rad1 Bf6 15. b4 Qe7 16. Nb3 Rae8 17. Bd2 Bg7 18. Rfe1 f4 19. f3 fxg3 20. hxg3 Nf6 21. Bg5 h6 22. Bc1 g5 23. Bh3 Bc8 24. Bg2 e4 25. Nd4 Bd7 26. Kf2 Ng4+ 27. Kg1 exf3 28. Bxf3 Ne3 29. Bxe3 Qxe3+ 30. Kg2 0-1

[Event "GER-chT U18 Girls"]
[Site "Germany"]
[Date "2011.05.14"]
[Round "5.2"]
[White "Triantafillidis, Zoe"]
[Black "Ziegel, Mandy Marie"]
[Result "1-0"]
[WhiteElo "1187"]
[BlackElo "800"]
[PlyCount "101"]
[EventDate "2011.05.13"]
[EventType "team-swiss"]
[EventRounds "7"]
[EventCountry "GER"]
[SourceTitle "EXT 2012"]
[Source "ChessBase"]
[SourceDate "2011.11.24"]
[SourceVersion "1"]
[SourceVersionDate "2011.11.24"]
[SourceQuality "1"]
[WhiteTeam "Heilbronn EHKG (W)"]
[BlackTeam "Oranienburg Louise Henriette Gym (W)"]
[WhiteTeamCountry "GER"]
[BlackTeamCountry "GER"]

1. e4 e5 2. Nf3 Nc6 3. d4 exd4 4. Nxd4 Nge7 5. Be3 g6 6. Nxc6 Nxc6 7. Bd4 Rg8 8. Bb5 b6 9. Nc3 Bb7 10. Qd3 Qe7 11. 0-0-0 0-0-0 12. Ba6 Nb4 13. Bxb7+ Kxb7 14. Qf3 Qe6 15. a3 Nc6 16. Rhe1 Bg7 17. Bxg7 Rxg7 18. Qg3 Ne7 19. Nd5 d6 20. Nxe7 Qxe7 21. e5 Qf8 22. exd6 Rxd6 23. Rxd6 Qxd6 24. Qxd6 cxd6 25. Re7+ Kb8 26. Rd7 h5 27. Kd2 a6 28. Kd3 h4 29. Kd4 g5 30. Kd5 Kc8 31. Rxd6 Kc7 32. Rf6 Rh7 33. c4 g4 34. Kd4 h3 35. g3 Kb7 36. b4 b5 37. c5 Kc7 38. Rxa6 f5 39. Ra7+ Kc6 40. Rxh7 f4 41. Rh6+ Kb7 42. c6+ Kc7 43. Kc5 fxg3 44. fxg3 Kc8 45. Kd6 Kb8 46. c7+ Kb7 47. c8Q+ Kxc8 48. Rh7 Kb8 49. Kc6 Ka8 50. Kb6 Kb8 51. Rh8# 1-0